載入...

Malayalamanjari, Vol.4 (m)

書目詳細資料
主要作者: Board of Studies in Malayalam
格式: Printed Book
出版: TVPM University of Kerala 1980
主題:
LEADER 00482nam a2200157 4500
082 |a 8M0.8 BSM-M.4 
100 |a Board of Studies in Malayalam 
245 |a Malayalamanjari, Vol.4 (m) 
250
260 |a TVPM  |b University of Kerala  |c 1980 
300
490
650 |a Malayalam literature collections 
942 |c BK 
999 |c 225293  |d 225293 
952 |0 0  |1 0  |4 0  |6 8M0_8_000000000000000_BSMM_4  |7 0  |9 239426  |a SDE  |b SDE  |d 2019-12-12  |l 0  |o 8M0.8 BSM-M.4  |p SDE4608  |r 2019-12-12  |w 2019-12-12  |y BK